000 00718nam a22002057a 4500
003 OSt
005 20231026171518.0
008 221021b |||||||| |||| 00| 0 eng d
020 _a9968 9824 0 7
040 _cBiblioteca LadoV
082 _a700
_bM986e
110 _9159
_aMuseo de Arte y Diseño Contemporaneo
_eautor
245 _aEl espíritu de una colección/
260 _aCosta Rica
_bMinisterio de Cultura, Juventud y Deportes
_c1996
300 _a110p.
_c28x30cm
650 _2Tesauro de Arte & Arquitectura
_aARTE CONTEMPORANEO-COSTA RICA
650 _2Tesauro de Arte & Arquitectura
_aARTE
650 _2Tesauro de Arte & Arquitectura
_aCATALOGOS
942 _2ddc
_c1
_h700
_iM986e
_n0
999 _c4490
_d4490